Poďakovanie- -alebo, keď mediálna a politická kampaň ohrozujú národný park viac než zásahy vedúce k rýchlemu ukončeniu kalamity

Bibliographic Details
Main Author: Slivinský, Ján, 1962- (Author)
Format: Article
Language:Slovak
PhysicalDescription:Fotogr.
ISSN:1336-0612
Subjects:

MARC

LEADER 00000nab a2200000 ar4500
001 vtls008640923
003 SK-MaSNL
005 20260426102522.0
008 250526c2005 xo |||||||||||000 b|slo
015 |a SNBRB2006/03  |2 snkbucl 
035 |a (uuid)29c8e28f-0341-4072-8460-d5302ce56cf1 
035 |a urn:nbn:sk:snk-ab28se 
035 |a (urnnbn)urn:nbn:sk:snk:ar-a01yob 
038 |a SNKBUCL 
040 |a SNKBUCL  |b slo  |c SNKBUCL  |e AACR2 
041 0 |a slo 
044 |a xo  |c SK 
080 |a 630*42  |x (437.6)  |2 1997 
080 |a 502.4  |x (437.6)  |2 1997 
100 1 |a Slivinský, Ján,  |d 1962-  |4 aut  |9 176425 
245 1 0 |a Poďakovanie-  |b -alebo, keď mediálna a politická kampaň ohrozujú národný park viac než zásahy vedúce k rýchlemu ukončeniu kalamity  |c Ján Slivinský 
300 |b Fotogr. 
650 0 7 |a lesy  |2 snkbucl  |9 1437 
650 0 7 |a lesné kalamity  |2 snkbucl  |9 29329 
650 0 7 |a ochrana lesa  |2 snkbucl  |9 2455 
650 0 7 |a ochrana prírody  |2 snkbucl  |9 3778 
651 7 |a Javorina (Slovensko)  |2 snkbucl  |9 58956 
773 0 |t Slovenské lesokruhy  |g Roč. IV, č. 6 (2005), s. 2-4  |x 1336-0612 
850 |a Slovenská národná knižnica 
852 |a Slovenská národná knižnica 
954 |a odborná, vedecká literatúra pôvodná (slovenská)  |2 lita 
958 |a ONDV 
958 |a article27 
958 |a SK 
999 |c 3258366  |d 3260296